• 首页
  • 本馆介绍
  • 公告通知
  • 最新文献
  • 馆藏检索
  • 电子资源
  • 读者导购
  • 参考咨询
  • 我的图书馆
  • 登录
  • 详细信息显示
  • 放入我的书架
  • 预约/预借图书
  • 作者相关作品
  • 分类相关作品
  • 丛书相关作品
  • 出版社相关作品

书目信息

  • 表格格式
  • 工作单格式
  • 卡片格式
题名:
中国中古文学史讲义
    
 
作者: 刘师培 著
分册:  
出版信息: 北京   中国人民大学出版社  2004
页数: 250页
开本: 23cm
丛书名: 朗朗书房
单 册:
中图分类: I209 , Z126.272
科图分类:
主题词: 文学史--研究--中国--两汉时代 , 文学史--研究--中国--魏晋南北朝时代 , 经学--研究--中国--古代 , 文学史 , 经学
电子资源:
ISBN: 7-300-05920-1
000 01133oam2 2200337 450
001 1253037889
005 20121016144435.32
010    @a7-300-05920-1@dCNY16.80
100    @a20041028d2004 emky0chiy50 ea
101 0  @achi
102    @aCN@b110000
105    @ay z 000yy
200 1  @a中国中古文学史讲义@Azhong guo zhong gu wen xue shi jiang yi@f刘师培著
210    @a北京@c中国人民大学出版社@d2004
215    @a250页@d23cm
225 2  @a朗朗书房@i国学基础文库
304    @a含《汉魏六朝专家文研究》《经学教科书》《两汉学术发微论》
308    @a文库 第二辑
330    @a本书着重介绍和研究了汉魏、魏晋文学的变迁以及宋齐梁陈文学概略,并对历代经学研究的渊源流派以及两汉政治学、种族学、伦理学等也进行了深入的考究与探讨。
461  0 @12001 @a朗朗书房
462  0 @12001 @a国学基础文库
606 0  @a文学史@x研究@y中国@z两汉时代
606 0  @a文学史@x研究@y中国@z魏晋南北朝时代
606 0  @a经学@x研究@y中国@z古代
606 0  @a文学史
606 0  @a经学
690    @aI209@v4
690    @aZ126.272@v4
701  0 @a刘师培@Aliu shi pei@f(1884~1919)@4著
801  0 @aCN@bNLC@c20101222
905    @a10447@dI209@eJY68
    
    中国中古文学史讲义/刘师培著.-北京:中国人民大学出版社,2004
    250页;23cm.-(朗朗书房.国学基础文库)
    
    
    ISBN 7-300-05920-1:CNY16.80
    本书着重介绍和研究了汉魏、魏晋文学的变迁以及宋齐梁陈文学概略,并对历代经学研究的渊源流派以及两汉政治学、种族学、伦理学等也进行了深入的考究与探讨。
●
相关链接 在E读中查询图书 在五车中查询图书 在当当中查询图书 在豆瓣中查询图书


正题名:中国中古文学史讲义     索取号:I209/JY68         预约/预借

序号 登录号 条形码 馆藏地/架位号 状态 备注
1 7824231   278242313   学院路分馆/ [索取号:I209/JY68] 在馆    
2 7824232   278242322   学院路分馆/ [索取号:I209/JY68] 在馆    
唐山师范学院图书馆 欢迎您!
大连网信软件有限公司© 版权所有